| 000 | 01174nam a2200313 i 4500 | ||
|---|---|---|---|
| 003 | DO-SdBNP | ||
| 005 | 20230519111354.0 | ||
| 006 | a||||er|||| 00| 0 | ||
| 007 | ta | ||
| 008 | 220829r 1927|||a|||e | ||s000 0 spa d | ||
| 040 |
_aDO-SdBNP _bspa _cBNPHU _erda |
||
| 082 | 4 |
_a579.5 _bG643h, 1927 _222 |
|
| 100 | 1 |
_a González Fragoso, R. , _q(Romualdo) _d1862-1928. _979724 |
|
| 245 | 1 | 0 |
_aHongos, parásitos y saprofitos de la República Dominicana (6a., 7a., 8a., 10a. series) / _cRomualdo González Fragoso, Rafael Ciferri |
| 264 |
_aSanto Domingo : _bImprenta de J. R. Vda. García, _c1927. |
||
| 300 |
_a73 áginas: _bilustraciones ; _c24 cm. |
||
| 336 |
_2rdacontent _atexto _btxt |
||
| 337 |
_2rdamedia _asin mediación _bn |
||
| 338 |
_2rdacarrier _avolumen _bnc |
||
| 490 |
_aSerie B _v11 |
||
| 500 | _aA la cabeza de la portada : Estación Agronómica de Moca. | ||
| 590 | _aInventariado, 2022 / SA | ||
| 650 | 4 |
_937142 _aHongos |
|
| 650 | 4 |
_aPlantas parasitas _982284 |
|
| 700 | 1 |
_aCiferri, Rafael, _d1897-1964 _982276 |
|
| 710 | 1 |
_aMoca, República Dominicana. Estación Agronómica _982277 |
|
| 910 | _aValidado. Control de calidad MFF | ||
| 942 |
_2ddc _cLBS1 |
||
| 999 |
_c52335 _d52335 |
||